Sports Quiz

Random Sports Quiz

Spain Euro 2016 Squad Quiz Stats

 Plays Quiz not verified by Sporcle

Score 0/23 Timer 10:00
0 Plays Today
% Correct
Iker Casillas
100%
David De Gea
97.9%
Gerard Pique
97.9%
Sergio Busquets
97.9%
Andres Iniesta
97.9%
David Silva
95.8%
Pedro Rodriguez
93.8%
Juanfran
91.7%
Cesar Azpilicueta
89.6%
Jordi Alba
89.6%
Thiago Alcantara
85.4%
Koke
83.3%
% Correct
Nolito
83.3%
Hector Bellerin
81.3%
Marc Bartra
79.2%
Sergio Ramos
70.8%
Aritz Aduriz
64.6%
Lucas Vazquez
60.4%
Cesc Fabregas
58.3%
Alvaro Morata
58.3%
Sergio Rico
41.7%
Bruno Soriano
41.7%
Mikel San Jose
27.1%

You're not logged in!

Compare scores with friends on all Sporcle quizzes.
OR
Log In

Sporcle TV

Today on Sporcle TV


Watch our educational content, quiz creation guides, and fun videos on Sporcle TV.

Show Comments

Extras

Created Jul 29, 2016SourceReportNominate
Tags:2016, Spain, Squad

Top Quizzes Today


Score Distribution

Your Account Isn't Verified!

In order to create a playlist on Sporcle, you need to verify the email address you used during registration. Go to your Sporcle Settings to finish the process.

Report this User

Report this user for behavior that violates our Community Guidelines.

Details: